[Event "European Women's Chess Club Cup 2023"]
[Site "Durres, Albania"]
[Date "2023.10.03"]
[Round "3.26"]
[White "Berke, Ana"]
[Black "Gaponenko, Inna"]
[Result "0-1"]
[TimeControl "90' + 30' & 30\""]
[WhiteElo "2147"]
[BlackElo "2332"]

1. e4 {[%clk 01:30:56]} {[%emt 00:00:02]} c5 {[%clk 01:30:52]} {[%emt
00:00:08]} 2. Nf3 {[%clk 01:31:17]} {[%emt 00:00:10]} g6 {[%clk 01:31:14]}
{[%emt 00:00:08]} 3. c4 {[%clk 01:30:49]} {[%emt 00:00:58]} Bg7 {[%clk
01:31:27]} {[%emt 00:00:17]} 4. d4 {[%clk 01:30:54]} {[%emt 00:00:24]} d6
{[%clk 01:31:46]} {[%emt 00:00:12]} 5. h3 {[%clk 01:30:02]} {[%emt 00:01:22]}
cxd4 {[%clk 00:57:42]} {[%emt 00:34:34]} 6. Nxd4 {[%clk 01:28:43]} {[%emt
00:01:49]} Nc6 {[%clk 00:58:03]} {[%emt 00:00:08]} 7. Be3 {[%clk 01:23:55]}
{[%emt 00:05:17]} Qb6 {[%clk 00:51:16]} {[%emt 00:07:18]} 8. Nb5 {[%clk
01:07:30]} {[%emt 00:16:55]} Qa5+ {[%clk 00:51:28]} {[%emt 00:00:18]} 9. N1c3
{[%clk 01:05:25]} {[%emt 00:02:35]} Nf6 {[%clk 00:36:51]} {[%emt 00:15:07]} 10.
Qd2 {[%clk 01:00:54]} {[%emt 00:04:59]} a6 {[%clk 00:31:37]} {[%emt 00:05:46]}
11. Nd4 {[%clk 00:38:29]} {[%emt 00:22:55]} Nxd4 {[%clk 00:26:36]} {[%emt
00:05:31]} 12. Qxd4 {[%clk 00:35:13]} {[%emt 00:03:46]} Be6 {[%clk 00:20:43]}
{[%emt 00:06:23]} 13. Be2 {[%clk 00:28:44]} {[%emt 00:06:59]} O-O {[%clk
00:02:58]} {[%emt 00:18:15]} 14. Qd2 {[%clk 00:17:25]} {[%emt 00:11:49]} Rfc8
{[%clk 00:03:21]} {[%emt 00:00:07]} 15. Nd5 {[%clk 00:14:58]} {[%emt 00:02:57]}
Qxd2+ {[%clk 00:03:45]} {[%emt 00:00:06]} 16. Bxd2 {[%clk 00:14:40]} {[%emt
00:00:48]} Bxd5 {[%clk 00:04:10]} {[%emt 00:00:06]} 17. exd5 {[%clk 00:14:29]}
{[%emt 00:00:40]} Ne4 {[%clk 00:00:57]} {[%emt 00:03:43]} 18. Bc1 {[%clk
00:04:20]} {[%emt 00:10:38]} b5 {[%clk 00:01:02]} {[%emt 00:00:26]} 19. cxb5
{[%clk 00:03:40]} {[%emt 00:01:10]} axb5 {[%clk 00:01:31]} {[%emt 00:00:02]} 20.
O-O {[%clk 00:03:10]} {[%emt 00:00:59]} b4 {[%clk 00:01:05]} {[%emt 00:00:56]}
21. a4 {[%clk 00:02:48]} {[%emt 00:00:51]} Nc5 {[%clk 00:00:39]} {[%emt
00:00:57]} 22. Bd1 {[%clk 00:00:38]} {[%emt 00:02:41]} Ra7 {[%clk 00:00:36]}
{[%emt 00:00:33]} 23. a5 {[%clk 00:00:42]} {[%emt 00:00:26]} Rca8 {[%clk
00:00:46]} {[%emt 00:00:20]} 24. Bd2 {[%clk 00:00:46]} {[%emt 00:00:26]} Bxb2
{[%clk 00:00:56]} {[%emt 00:00:20]} 25. Rb1 {[%clk 00:01:04]} {[%emt 00:00:12]}
Bc3 {[%clk 00:01:21]} {[%emt 00:00:05]} 26. Bg5 {[%clk 00:00:45]} {[%emt
00:00:49]} Ne4 {[%clk 00:01:01]} {[%emt 00:00:49]} 27. Be3 {[%clk 00:00:33]}
{[%emt 00:00:42]} Rxa5 {[%clk 00:01:22]} {[%emt 00:00:10]} 28. Bb3 {[%clk
00:00:45]} {[%emt 00:00:18]} Nd2 {[%clk 00:00:37]} {[%emt 00:01:15]} 29. Bxd2
{[%clk 00:01:11]} {[%emt 00:00:04]} Bxd2 {[%clk 00:01:04]} {[%emt 00:00:03]} 30.
Rfd1 {[%clk 00:01:29]} {[%emt 00:00:12]} Bc3 {[%clk 00:01:23]} {[%emt
00:00:10]} 31. h4 {[%clk 00:01:46]} {[%emt 00:00:14]} h5 {[%clk 00:01:46]}
{[%emt 00:00:07]} 32. g3 {[%clk 00:02:05]} {[%emt 00:00:10]} Kg7 {[%clk
00:01:00]} {[%emt 00:01:16]} 33. Kg2 {[%clk 00:02:31]} {[%emt 00:00:05]} Kf6
{[%clk 00:00:41]} {[%emt 00:00:48]} 34. Kf3 {[%clk 00:02:20]} {[%emt 00:00:42]}
Ke5 {[%clk 00:00:36]} {[%emt 00:00:35]} 35. Ke3 {[%clk 00:02:29]} {[%emt
00:00:20]} Ra1 {[%clk 00:00:49]} {[%emt 00:00:18]} 36. f4+ {[%clk 00:02:22]}
{[%emt 00:00:37]} Kf5 {[%clk 00:00:50]} {[%emt 00:00:28]} 37. Kf3 {[%clk
00:00:41]} {[%emt 00:02:11]} Rxb1 {[%clk 00:01:06]} {[%emt 00:00:14]} 38. Rxb1
{[%clk 00:00:51]} {[%emt 00:00:20]} Ra3 {[%clk 00:01:14]} {[%emt 00:00:22]} 39.
Bc2+ {[%clk 00:00:58]} {[%emt 00:00:23]} Kf6 {[%clk 00:01:42]} {[%emt
00:00:02]} 40. Bb3 {[%clk 00:01:23]} {[%emt 00:00:06]} e5 {[%clk 00:01:00]}
{[%emt 00:01:12]} 41. Ke4 {[%clk 00:01:21]} {[%emt 00:00:32]} exf4 {[%clk
00:00:50]} {[%emt 00:00:40]} 42. Kxf4 {[%clk 00:00:55]} {[%emt 00:00:56]} Be5+
{[%clk 00:00:58]} {[%emt 00:00:21]} 43. Kf3 {[%clk 00:27:14]} {[%emt 00:04:11]}
Kf5 {[%clk 00:30:55]} {[%emt 00:00:34]} 44. Ke3 {[%clk 00:23:01]} {[%emt
00:04:43]} Kg4 {[%clk 00:25:19]} {[%emt 00:06:06]} 45. Ke4 {[%clk 00:21:52]}
{[%emt 00:01:38]} Kxg3 {[%clk 00:23:10]} {[%emt 00:02:40]} 46. Kd3 {[%clk
00:21:02]} {[%emt 00:01:19]} Kxh4 {[%clk 00:21:53]} {[%emt 00:01:47]} 47. Kc4
{[%clk 00:21:22]} {[%emt 00:00:10]} Ra1 {[%clk 00:22:11]} {[%emt 00:00:12]} 0-1

[Event "European Women's Chess Club Cup 2023"]
[Site "Durres, Albania"]
[Date "2023.10.03"]
[Round "3.27"]
[White "Iglesias, Yosha"]
[Black "Drljevic, Ljilja"]
[Result "1/2-1/2"]
[TimeControl "90' + 30' & 30\""]
[WhiteElo "2259"]
[BlackElo "2081"]

1. d4 {[%clk 01:30:56]} {[%emt 00:00:03]} d6 {[%clk 01:30:45]} {[%emt
00:00:16]} 2. Bf4 {[%clk 01:30:44]} {[%emt 00:00:41]} g6 {[%clk 01:30:41]}
{[%emt 00:00:34]} 3. e4 {[%clk 01:29:43]} {[%emt 00:01:31]} Bg7 {[%clk
01:30:05]} {[%emt 00:01:06]} 4. Nc3 {[%clk 01:29:46]} {[%emt 00:00:27]} a6
{[%clk 01:28:12]} {[%emt 00:02:24]} 5. Nf3 {[%clk 01:29:55]} {[%emt 00:00:19]}
Nc6 {[%clk 01:20:04]} {[%emt 00:08:40]} 6. h3 {[%clk 01:25:02]} {[%emt
00:05:22]} Nf6 {[%clk 01:15:13]} {[%emt 00:05:21]} 7. e5 {[%clk 01:22:21]}
{[%emt 00:03:11]} Nd7 {[%clk 01:14:32]} {[%emt 00:01:11]} 8. Bc4 {[%clk
01:16:00]} {[%emt 00:06:52]} dxe5 {[%clk 00:46:13]} {[%emt 00:28:49]} 9. dxe5
{[%clk 01:15:38]} {[%emt 00:00:51]} Ncxe5 {[%clk 00:40:22]} {[%emt 00:06:21]}
10. Nxe5 {[%clk 01:14:49]} {[%emt 00:01:18]} Bxe5 {[%clk 00:33:43]} {[%emt
00:07:11]} 11. Bxe5 {[%clk 00:57:08]} {[%emt 00:18:11]} Nxe5 {[%clk 00:34:08]}
{[%emt 00:00:05]} 12. Qxd8+ {[%clk 00:57:30]} {[%emt 00:00:07]} Kxd8 {[%clk
00:34:35]} {[%emt 00:00:03]} 13. O-O-O+ {[%clk 00:57:46]} {[%emt 00:00:14]} Bd7
{[%clk 00:34:22]} {[%emt 00:00:45]} 14. Bb3 {[%clk 00:57:19]} {[%emt 00:00:56]}
e6 {[%clk 00:29:50]} {[%emt 00:05:01]} 15. Rd2 {[%clk 00:51:13]} {[%emt
00:06:36]} Kc8 {[%clk 00:23:39]} {[%emt 00:06:41]} 16. f4 {[%clk 00:41:31]}
{[%emt 00:10:12]} Nc6 {[%clk 00:24:03]} {[%emt 00:00:06]} 17. Rhd1 {[%clk
00:41:56]} {[%emt 00:00:05]} Be8 {[%clk 00:19:01]} {[%emt 00:05:33]} 18. Ne4
{[%clk 00:41:24]} {[%emt 00:01:01]} b6 {[%clk 00:18:41]} {[%emt 00:00:50]} 19.
Nf6 {[%clk 00:41:07]} {[%emt 00:00:46]} Kb7 {[%clk 00:18:41]} {[%emt 00:00:31]}
20. Bc4 {[%clk 00:33:44]} {[%emt 00:07:53]} Na5 {[%clk 00:12:15]} {[%emt
00:06:57]} 21. Bd3 {[%clk 00:34:02]} {[%emt 00:00:11]} Bb5 {[%clk 00:06:38]}
{[%emt 00:06:08]} 22. Be4+ {[%clk 00:30:40]} {[%emt 00:03:51]} Bc6 {[%clk
00:04:47]} {[%emt 00:02:22]} 23. Rd7 {[%clk 00:28:44]} {[%emt 00:02:26]} Raf8
{[%clk 00:04:12]} {[%emt 00:01:05]} 24. R1d3 {[%clk 00:28:14]} {[%emt
00:01:00]} Kc8 {[%clk 00:02:30]} {[%emt 00:02:12]} 25. Bxc6 {[%clk 00:08:50]}
{[%emt 00:19:54]} Nxc6 {[%clk 00:02:58]} {[%emt 00:00:02]} 26. Rc3 {[%clk
00:08:34]} {[%emt 00:00:46]} Kb7 {[%clk 00:02:59]} {[%emt 00:00:29]} 27. Ne4
{[%clk 00:08:29]} {[%emt 00:00:35]} Kc8 {[%clk 00:03:19]} {[%emt 00:00:10]} 28.
Nf6 {[%clk 00:05:50]} {[%emt 00:03:08]} Kb7 {[%clk 00:03:48]} {[%emt 00:00:02]}
29. Ne4 {[%clk 00:05:34]} {[%emt 00:00:45]} Kc8 {[%clk 00:04:16]} {[%emt
00:00:02]} 30. Nf6 {[%emt 00:04:00]} Kb7 1/2-1/2

[Event "European Women's Chess Club Cup 2023"]
[Site "Durres, Albania"]
[Date "2023.10.03"]
[Round "3.28"]
[White "Kejzar, Petra"]
[Black "Nicoara, Malina"]
[Result "1-0"]
[TimeControl "90' + 30' & 30\""]
[WhiteElo "1986"]
[BlackElo "2064"]

1. d4 {[%clk 01:30:53]} {[%emt 00:00:06]} Nf6 {[%clk 01:30:48]} {[%emt
00:00:12]} 2. c4 {[%clk 01:31:15]} {[%emt 00:00:08]} c5 {[%clk 01:30:04]}
{[%emt 00:01:14]} 3. Nf3 {[%clk 01:29:42]} {[%emt 00:02:03]} g6 {[%clk
01:29:41]} {[%emt 00:00:53]} 4. Nc3 {[%clk 01:28:52]} {[%emt 00:01:20]} cxd4
{[%clk 01:28:34]} {[%emt 00:01:38]} 5. Nxd4 {[%clk 01:29:14]} {[%emt 00:00:08]}
Bg7 {[%clk 01:28:44]} {[%emt 00:00:19]} 6. e4 {[%clk 01:26:53]} {[%emt
00:02:51]} d6 {[%clk 01:24:59]} {[%emt 00:04:16]} 7. Be2 {[%clk 01:24:23]}
{[%emt 00:03:00]} Nc6 {[%clk 01:24:26]} {[%emt 00:01:02]} 8. Be3 {[%clk
01:23:16]} {[%emt 00:01:37]} O-O {[%clk 01:24:33]} {[%emt 00:00:23]} 9. Rc1
{[%clk 01:18:45]} {[%emt 00:05:01]} Bd7 {[%clk 01:24:15]} {[%emt 00:00:47]} 10.
O-O {[%clk 01:16:24]} {[%emt 00:02:53]} Nxd4 {[%clk 01:20:23]} {[%emt
00:04:22]} 11. Bxd4 {[%clk 01:16:44]} {[%emt 00:00:10]} Bc6 {[%clk 01:20:41]}
{[%emt 00:00:11]} 12. f3 {[%clk 01:15:26]} {[%emt 00:01:48]} a5 {[%clk
01:19:50]} {[%emt 00:01:21]} 13. b3 {[%clk 01:12:12]} {[%emt 00:03:45]} Nd7
{[%clk 01:19:33]} {[%emt 00:00:46]} 14. Re1 {[%clk 01:05:16]} {[%emt 00:07:26]}
Nc5 {[%clk 00:52:27]} {[%emt 00:27:35]} 15. Bxg7 {[%clk 01:02:25]} {[%emt
00:03:21]} Kxg7 {[%clk 00:52:52]} {[%emt 00:00:06]} 16. Qd4+ {[%clk 01:02:47]}
{[%emt 00:00:07]} e5 {[%clk 00:46:05]} {[%emt 00:07:17]} 17. Qe3 {[%clk
00:58:40]} {[%emt 00:04:37]} Ne6 {[%clk 00:44:57]} {[%emt 00:01:37]} 18. Bf1
{[%clk 00:58:00]} {[%emt 00:01:11]} Qf6 {[%clk 00:35:58]} {[%emt 00:09:29]} 19.
Red1 {[%clk 00:56:14]} {[%emt 00:02:15]} Rfd8 {[%clk 00:35:49]} {[%emt
00:00:40]} 20. Rd2 {[%clk 00:55:39]} {[%emt 00:01:04]} h6 {[%clk 00:30:49]}
{[%emt 00:05:31]} 21. Rcd1 {[%clk 00:54:36]} {[%emt 00:01:32]} Qe7 {[%clk
00:30:47]} {[%emt 00:00:33]} 22. Bd3 {[%clk 00:49:42]} {[%emt 00:05:24]} Qc7
{[%clk 00:19:33]} {[%emt 00:11:44]} 23. Bc2 {[%clk 00:43:33]} {[%emt 00:06:38]}
Rab8 {[%clk 00:14:12]} {[%emt 00:05:51]} 24. Bd3 {[%clk 00:41:15]} {[%emt
00:02:49]} Ra8 {[%clk 00:13:47]} {[%emt 00:00:55]} 25. Bf1 {[%clk 00:35:40]}
{[%emt 00:06:05]} Rab8 {[%clk 00:08:23]} {[%emt 00:05:54]} 26. Rb2 {[%clk
00:32:44]} {[%emt 00:03:26]} Ra8 {[%clk 00:07:40]} {[%emt 00:01:13]} 27. Rc1
{[%clk 00:31:24]} {[%emt 00:01:51]} Qe7 {[%clk 00:07:02]} {[%emt 00:01:07]} 28.
Rf2 {[%clk 00:28:11]} {[%emt 00:03:42]} h5 {[%clk 00:06:45]} {[%emt 00:00:48]}
29. g3 {[%clk 00:27:14]} {[%emt 00:01:27]} Qg5 {[%clk 00:03:40]} {[%emt
00:03:35]} 30. Qxg5 {[%clk 00:24:42]} {[%emt 00:03:02]} Nxg5 {[%clk 00:04:06]}
{[%emt 00:00:04]} 31. Rd1 {[%clk 00:23:51]} {[%emt 00:01:21]} Kf8 {[%clk
00:04:10]} {[%emt 00:00:26]} 32. Bg2 {[%clk 00:17:57]} {[%emt 00:06:24]} Ke7
{[%clk 00:04:36]} {[%emt 00:00:04]} 33. f4 {[%clk 00:17:09]} {[%emt 00:01:18]}
Ne6 {[%clk 00:03:41]} {[%emt 00:01:24]} 34. f5 {[%clk 00:14:46]} {[%emt
00:02:54]} Nd4 {[%clk 00:03:35]} {[%emt 00:00:35]} 35. f6+ {[%clk 00:12:43]}
{[%emt 00:02:33]} Kd7 {[%clk 00:03:26]} {[%emt 00:00:39]} 36. Rfd2 {[%clk
00:09:25]} {[%emt 00:03:48]} Kc7 {[%clk 00:03:45]} {[%emt 00:00:11]} 37. Kf2
{[%clk 00:07:20]} {[%emt 00:02:36]} b6 {[%clk 00:03:36]} {[%emt 00:00:39]} 38.
Ke3 {[%clk 00:05:03]} {[%emt 00:02:47]} Re8 {[%clk 00:03:19]} {[%emt 00:00:48]}
39. h4 {[%clk 00:04:24]} {[%emt 00:01:08]} Rab8 {[%clk 00:03:28]} {[%emt
00:00:21]} 40. Bh3 {[%clk 00:02:48]} {[%emt 00:02:07]} Rh8 {[%clk 00:00:47]}
{[%emt 00:03:11]} 41. Rg1 {[%clk 00:27:18]} {[%emt 00:05:59]} Rbd8 {[%clk
00:23:54]} {[%emt 00:07:22]} 42. Nd5+ {[%clk 00:21:43]} {[%emt 00:06:06]} Kb7
{[%clk 00:21:20]} {[%emt 00:03:04]} 43. Ne7 {[%clk 00:19:26]} {[%emt 00:02:46]}
Rde8 {[%clk 00:19:34]} {[%emt 00:02:17]} 44. Rc1 {[%clk 00:18:18]} {[%emt
00:01:37]} Rd8 {[%clk 00:18:52]} {[%emt 00:01:12]} 45. Rb2 {[%clk 00:18:12]}
{[%emt 00:00:36]} Ra8 {[%clk 00:18:38]} {[%emt 00:00:44]} 46. Bf1 {[%clk
00:16:48]} {[%emt 00:01:55]} Bd7 {[%clk 00:16:13]} {[%emt 00:02:54]} 47. a3
{[%clk 00:16:35]} {[%emt 00:00:44]} Rhb8 {[%clk 00:12:29]} {[%emt 00:04:13]} 48.
Rc3 {[%clk 00:16:38]} {[%emt 00:00:28]} Be6 {[%clk 00:10:58]} {[%emt 00:02:01]}
49. Bg2 {[%clk 00:13:55]} {[%emt 00:03:13]} Ra7 {[%clk 00:10:35]} {[%emt
00:00:53]} 50. Rf2 {[%clk 00:07:20]} {[%emt 00:07:04]} Rba8 {[%clk 00:10:22]}
{[%emt 00:00:44]} 51. Nf5 {[%clk 00:06:42]} {[%emt 00:01:08]} gxf5 {[%clk
00:02:31]} {[%emt 00:08:21]} 52. exf5+ {[%clk 00:07:10]} {[%emt 00:00:01]} Kc7
{[%clk 00:02:45]} {[%emt 00:00:16]} 53. fxe6 {[%clk 00:06:11]} {[%emt
00:01:30]} fxe6 {[%clk 00:03:08]} {[%emt 00:00:08]} 54. Bxa8 {[%clk 00:05:19]}
{[%emt 00:01:21]} Rxa8 {[%clk 00:03:34]} {[%emt 00:00:04]} 55. b4 {[%clk
00:03:56]} {[%emt 00:01:53]} axb4 {[%clk 00:03:58]} {[%emt 00:00:06]} 56. axb4
{[%clk 00:04:23]} {[%emt 00:00:03]} Rf8 {[%clk 00:04:04]} {[%emt 00:00:24]} 57.
Ke4 {[%clk 00:03:39]} {[%emt 00:01:14]} Kd7 {[%clk 00:02:55]} {[%emt 00:01:40]}
58. Ra3 {[%clk 00:03:35]} {[%emt 00:00:33]} Nf5 {[%clk 00:02:34]} {[%emt
00:00:50]} 59. Ra7+ {[%clk 00:03:17]} {[%emt 00:00:48]} Kc6 {[%clk 00:02:59]}
{[%emt 00:00:05]} 60. Rxf5 {[%clk 00:02:59]} {[%emt 00:00:49]} 1-0